Food security and conflict in the ESCWA region.
| Corporate Author: | |
|---|---|
| Format: | Book |
| Published: |
New York:
United Nations,
2010.
|
| Subjects: |
| LEADER | 00465cam a2200145 7i4500 | ||
|---|---|---|---|
| 001 | 0000026230 | ||
| 005 | 20110429090000.0 | ||
| 090 | 0 | 0 | |a WESA 641.3 |b ECO |
| 110 | 2 | 0 | |a Economic and Social Commision for Western Asia (ESCWA) |
| 245 | 2 | 0 | |a Food security and conflict in the ESCWA region. |
| 260 | 0 | 0 | |a New York: |b United Nations, |c 2010. |
| 300 | # | # | |a 250 p. |
| 650 | 0 | 0 | |a Food security -- |z West Asia |
| 651 | 0 | 0 | |a West Asia |
| 999 | |a 0000028476 |b Book |c Regions |e Business Information Centre | ||